[Event "Legends of Chess Prelim"]
[Site "chess24.com INT"]
[Date "2020.07.29"]
[Round "9.3"]
[White "Gelfand, B"]
[Black "Nepomniachtchi, I"]
[Result "1/2-1/2"]
[WhiteElo "2676"]
[BlackElo "2784"]
[EventDate "2020.07.21"]
[WhiteTitle "GM"]
[BlackTitle "GM"]
[WhiteFideId "2805677"]
[BlackFideId "4168119"]

1.d4 Nf6 2.c4 g6 3.Nc3 d5 4.cxd5 Nxd5 5.e4 Nxc3 6.bxc3 Bg7 7.Bc4 c5 8.Ne2 
Nc6 9.Be3 O-O 10.O-O Bg4 11.f3 Bd7 12.Rb1 Qc7 13.Qd2 Rfd8 14.Rfc1 Be8 15.
Bf4 Qc8 16.d5 Ne5 17.Bb3 c4 18.Bc2 e6 19.Bxe5 Bxe5 20.f4 Bg7 21.Qe3 e5 22.
f5 b5 23.Rf1 a5 24.h4 Ra6 25.h5 Qc7 26.Kh2 Rb8 27.Ng1 b4 28.fxg6 hxg6 29.
Nf3 Qe7 30.g3 Rab6 31.hxg6 fxg6 32.Nh4 b3 33.axb3 cxb3 34.c4 a4 35.c5 Rf6 
36.Bd3 Rb4 37.c6 a3 38.Rxf6 Bxf6 39.Bc4 a2 40.Rf1 Rxc4 41.Qxb3 Qb4 42.Qxa2
Bxh4 43.gxh4 Rxe4 44.d6+ Kg7 45.d7 Rxh4+ 46.Kg1 Qg4+ 47.Qg2 Bxd7 48.cxd7 
Qxd7 49.Qe2 Qd4+ 50.Kg2 Rg4+ 51.Kh1 Rg3 52.Rf7+ Kxf7 53.Qf2+ Qf4 54.Qxg3 
Kf6 55.Qa3 Kf5 56.Kg2 e4 57.Qa8 Kg4 58.Qc8+ Qf5 59.Qc2 Qf3+ 60.Kh2 g5 61.
Kg1 Qd3 62.Qc8+ Kf4 63.Qb8+ Kf3 64.Qf8+ Ke2 65.Qf2+ Kd1 66.Qa7 e3 67.Qa1+ 
Ke2 68.Qb2+ Ke1 69.Qc1+ Ke2 70.Qb2+ Qd2 71.Qb5+ Qd3 72.Qb2+ 1/2-1/2

[Event "Legends of Chess Prelim"]
[Site "chess24.com INT"]
[Date "2020.07.29"]
[Round "9.4"]
[White "Leko, P"]
[Black "Ding Liren"]
[Result "1/2-1/2"]
[WhiteElo "2663"]
[BlackElo "2791"]
[EventDate "2020.07.21"]
[WhiteTitle "GM"]
[BlackTitle "GM"]
[WhiteFideId "703303"]
[BlackFideId "8603677"]

1.Nf3 d5 2.e3 Nf6 3.c4 e6 4.Nc3 dxc4 5.Bxc4 a6 6.e4 b5 7.Bb3 Bb7 8.e5 Nd5 
9.d4 Be7 10.O-O O-O 11.Ne4 Nd7 12.Bc2 Rc8 13.Bg5 h6 14.Bxe7 Qxe7 15.a3 c5 
16.Nd6 Rc7 17.Qd3 g6 18.dxc5 Nxc5 19.Qd2 Kg7 20.h4 Nb6 21.b4 Nca4 22.Nxb7 
Rxb7 23.h5 Rd8 24.Qf4 Nc3 25.Qg4 g5 26.Rfe1 Rc7 27.Bb3 Rd3 28.Bc2 Rc4 29.
Qg3 Rd8 30.Bb3 Rcc8 31.Nh2 Nbd5 32.Qf3 Nf4 33.Re3 Rd2 34.Rae1 Ncd5 35.Bxd5
Nxd5 36.Rb3 Rcc2 37.Ng4 Nf4 38.Rbe3 Qd8 39.Rf1 Qd5 40.g3 Qxf3 41.Rxf3 Ne2+
42.Kg2 Nd4 43.Re3 Nf5 44.Rf3 Nd4 45.Re3 Nf5 46.Rf3 Nd4 1/2-1/2

[Event "Legends of Chess Prelim"]
[Site "chess24.com INT"]
[Date "2020.07.29"]
[Round "9.4"]
[White "Anand, V"]
[Black "Ivanchuk, V"]
[Result "1/2-1/2"]
[WhiteElo "2753"]
[BlackElo "2678"]
[EventDate "2020.07.21"]
[WhiteTitle "GM"]
[BlackTitle "GM"]
[WhiteFideId "5000017"]
[BlackFideId "14100010"]

1.e4 e5 2.Nf3 Nc6 3.Bb5 a6 4.Ba4 Nf6 5.O-O Be7 6.d3 b5 7.Bb3 d6 8.a3 O-O 
9.Nc3 Na5 10.Ba2 Be6 11.b4 Bxa2 12.Nxa2 Nc6 13.c4 Nd4 14.Nc3 Nxf3+ 15.Qxf3
c6 16.Qe2 Qd7 17.Rd1 Rfe8 18.Bg5 Qb7 19.Rab1 Nd7 20.Be3 Nf6 21.Bg5 Nd7 22.
Be3 Nf6 23.Bg5 1/2-1/2

[Event "Legends of Chess Prelim"]
[Site "chess24.com INT"]
[Date "2020.07.23"]
[Round "3.3"]
[White "Leko, P"]
[Black "Carlsen, M"]
[Result "1/2-1/2"]
[WhiteElo "2663"]
[BlackElo "2863"]
[EventDate "2020.07.21"]
[WhiteTitle "GM"]
[BlackTitle "GM"]
[WhiteFideId "703303"]
[BlackFideId "1503014"]

1.d4 d5 2.c4 e6 3.Nc3 c6 4.e3 Nf6 5.Nf3 Nbd7 6.Qc2 Bd6 7.Bd3 dxc4 8.Bxc4 
b5 9.Be2 O-O 10.O-O a6 11.Ng5 Be7 12.e4 Ne8 13.Nf3 c5 14.d5 exd5 15.Nxd5 
Nef6 16.a4 Nxd5 17.exd5 Bb7 18.Rd1 c4 19.Nd4 Qb6 20.d6 Bf6 21.Be3 Ne5 22.
Nf5 Qc6 23.Bf1 Kh8 24.Ne7 Qd7 25.Nd5 Qxd6 26.Nb6 Qb8 27.h3 b4 28.Rac1 b3 
29.Qf5 Bc8 30.Qf4 Be6 31.Nxa8 Qxa8 32.Bd4 Qb8 33.Re1 Nf3+ 34.Qxf3 Bxd4 35.
Rxc4 Bxb2 36.Rb1 Bxc4 37.Bxc4 Bd4 38.Rxb3 Qe8 39.Bxa6 Qxa4 40.Bf1 g6 41.
Rb7 1/2-1/2

[Event "Legends of Chess Prelim"]
[Site "chess24.com INT"]
[Date "2020.07.29"]
[Round "9.2"]
[White "Nepomniachtchi, I"]
[Black "Gelfand, B"]
[Result "0-1"]
[WhiteElo "2784"]
[BlackElo "2676"]
[EventDate "2020.07.21"]
[WhiteTitle "GM"]
[BlackTitle "GM"]
[WhiteFideId "4168119"]
[BlackFideId "2805677"]

1.e4 c5 2.a3 g6 3.Bc4 Bg7 4.h4 e6 5.Nc3 Ne7 6.h5 d5 7.Ba2 d4 8.Nce2 d3 9.
cxd3 Qxd3 10.Nf3 Nbc6 11.Bb1 Qd6 12.d3 b6 13.Bf4 e5 14.Be3 Bg4 15.h6 Bf6 
16.Ba2 Rd8 17.Nc3 O-O 18.Bc4 Nd4 19.Bxd4 cxd4 20.Nd5 Nxd5 21.Bxd5 Bg5 22.
Qa4 Bxf3 23.gxf3 Qf6 24.Rh3 Rxd5 25.exd5 Qf5 26.Rg3 Bf4 27.Rg4 Qxd3 28.
Rxf4 exf4 29.Rd1 Qxf3 30.Qxd4 Qh1+ 31.Kd2 Qxh6 32.d6 Rd8 33.Qf6 Qf8 34.Kc2
Qe8 35.Kb1 Rd7 36.Ka1 Qe6 37.Qxf4 Kg7 38.Qd2 h5 39.Qc3+ Kh7 40.Qd4 Qg4 41.
f4 Qe6 42.a4 Kg8 43.Rd3 Qe1+ 44.Ka2 Qe6+ 45.Ka1 Kh7 46.b3 f6 47.Ka2 Kg7 
48.Rd2 Kf7 49.Qc3 h4 50.Qc6 Kg7 51.f5 Qxf5 52.Re2 Kh6 53.Re7 Rd8 54.Qc1+ 
g5 55.Qd2 h3 56.d7 Kg6 57.Kb2 g4 58.Ka2 a6 59.Kb2 b5 60.b4 bxa4 61.Ka3 g3 
62.Re3 g2 63.Rg3+ Kf7 64.Qa2+ Qe6 65.Qc2 f5 66.Qb2 Qf6 67.Qa2+ Ke7 68.Re3+
Kf8 69.Rg3 Rxd7 70.Qg8+ Ke7 71.Re3+ Kd6 72.Qb8+ Kd5 73.Qg8+ Kd4 74.Re1 Rg7
75.Qb8 g1=Q 76.Rxg1 Rxg1 77.Qa7+ Ke4 78.Qxg1 Qc3+ 79.Kxa4 Qe3 80.Qh1+ Kf4 
81.Qf1+ Kg4 82.Qxa6 h2 83.Qg6+ Qg5 84.Qc6 Qf4 85.Qg2+ Kh4 86.Ka5 Qe5+ 87.
Kb6 Qd4+ 88.Kb5 Qg1 0-1

[Event "Legends of Chess Prelim"]
[Site "chess24.com INT"]
[Date "2020.07.24"]
[Round "4.3"]
[White "Nepomniachtchi, I"]
[Black "Ivanchuk, V"]
[Result "1/2-1/2"]
[WhiteElo "2784"]
[BlackElo "2678"]
[EventDate "2020.07.21"]
[WhiteTitle "GM"]
[BlackTitle "GM"]
[WhiteFideId "4168119"]
[BlackFideId "14100010"]

1.e4 e5 2.Nf3 Nc6 3.Bb5 a6 4.Ba4 Nf6 5.O-O Nxe4 6.d4 b5 7.Bb3 d5 8.dxe5 
Be6 9.c3 Bc5 10.Nbd2 O-O 11.Bc2 Bf5 12.Nb3 Bg6 13.Nfd4 Bxd4 14.cxd4 a5 15.
Be3 a4 16.Nd2 f6 17.Rc1 fxe5 18.Nxe4 dxe4 19.d5 Ne7 20.Bc5 Rf6 21.Qe2 Rb8 
22.Bxe7 Qxe7 23.Bxe4 Bxe4 24.Qxe4 Rf4 25.Qe2 Rd4 26.Rfd1 Qd6 27.Rxd4 exd4 
28.g3 h6 29.Qg4 Rd8 30.Qxd4 Qxd5 31.Qxd5+ Rxd5 32.Rxc7 Rd2 33.b4 axb3 34.
axb3 Rd3 35.Rb7 Rxb3 36.Kg2 g5 37.Kh3 Rf3 38.Kg2 Rb3 39.f3 b4 40.h4 gxh4 
41.gxh4 Rb1 42.Kg3 b3 43.Kg4 b2 44.Kh5 Rf1 45.Rxb2 Rxf3 1/2-1/2

[Event "Legends of Chess Prelim"]
[Site "chess24.com INT"]
[Date "2020.07.28"]
[Round "8.2"]
[White "Ding Liren"]
[Black "Anand, V"]
[Result "1/2-1/2"]
[WhiteElo "2791"]
[BlackElo "2753"]
[EventDate "2020.07.21"]
[WhiteTitle "GM"]
[BlackTitle "GM"]
[WhiteFideId "8603677"]
[BlackFideId "5000017"]

1.Nf3 d5 2.g3 c5 3.Bg2 Nf6 4.O-O g6 5.d4 cxd4 6.Nxd4 Bg7 7.Nb3 Nc6 8.Nc3 
e6 9.a4 O-O 10.a5 h6 11.Be3 Re8 12.Qc1 Kh7 13.Rd1 Nd7 14.Bf4 a6 15.h4 e5 
16.Bd2 d4 17.Nd5 Nf6 18.Nb6 Rb8 19.Nc5 Nd7 20.Bxc6 bxc6 21.Nbxd7 Bxd7 22.
Nxa6 Ra8 23.Nc5 Bh3 24.e4 Bf8 25.b4 f5 26.f3 Bxc5 27.bxc5 fxe4 28.fxe4 Rf8
29.Bxh6 Rf3 30.Qg5 Qd7 31.a6 Qg4 32.Qxg4 Bxg4 33.Bg5 Rxg3+ 34.Kh2 Rh3+ 35.
Kg2 Bxd1 36.Kxh3 Bxc2 37.Bf6 Ra7 38.Bxe5 Bd3 39.Bxd4 Rxa6 40.Rxa6 Bxa6 41.
Kg4 Bd3 42.Kf4 Kg8 43.Ke5 Kf7 44.Bf2 Bc2 45.Be3 Bd3 46.Bg5 Bc2 47.Bf4 Bb1 
1/2-1/2

[Event "Legends of Chess Prelim"]
[Site "chess24.com INT"]
[Date "2020.07.25"]
[Round "5.1"]
[White "Nepomniachtchi, I"]
[Black "Svidler, P"]
[Result "1/2-1/2"]
[WhiteElo "2784"]
[BlackElo "2723"]
[EventDate "2020.07.21"]
[WhiteTitle "GM"]
[BlackTitle "GM"]
[WhiteFideId "4168119"]
[BlackFideId "4102142"]

1.e4 e5 2.Nf3 Nc6 3.Bb5 a6 4.Ba4 Nf6 5.O-O Be7 6.d3 d6 7.c3 O-O 8.h3 Re8 
9.Re1 h6 10.Nbd2 Bf8 11.d4 b5 12.Bc2 Bb7 13.d5 Nb8 14.c4 c6 15.b3 Qc7 16.
Nf1 Nbd7 17.Be3 Rec8 18.Bd3 bxc4 19.bxc4 cxd5 20.cxd5 Nc5 21.Bxc5 Qxc5 22.
N1d2 Nd7 23.Rb1 Qc7 24.Nc4 Rcb8 25.Bf1 Bc8 26.Rc1 Nc5 27.Nfd2 Bd7 28.h4 a5
29.Re3 a4 30.Be2 Qd8 31.g3 Rb7 32.Bg4 Bb5 33.Kg2 Rab8 34.Qf3 Be7 35.Rec3 
Ba6 36.R1c2 Rb4 37.Bh3 R4b7 38.Kh2 Rb4 39.Kg2 R4b7 40.Nf1 Bxc4 41.Rxc4 Rb2
42.Ne3 Rxc2 43.Rxc2 Rb4 44.Nc4 Bf8 45.h5 Qb8 46.Bf5 Rb1 47.Nd2 Rb2 48.Qc3 
Rxc2 49.Qxc2 Be7 50.Nc4 Qb4 51.Bg4 g6 52.Be2 Kg7 53.Kf1 Qb8 54.Na5 a3 55.
Nc4 Qb4 56.hxg6 fxg6 57.Qc1 Nxe4 58.Qxa3 Qxa3 59.Nxa3 Nc3 60.Bc4 Bd8 61.
Bb3 Bb6 62.Nc4 Bc5 63.Kg2 Nxd5 64.Nxd6 Nf4+ 65.gxf4 Bxd6 66.fxe5 Bxe5 
1/2-1/2

[Event "Legends of Chess Prelim"]
[Site "chess24.com INT"]
[Date "2020.07.25"]
[Round "5.5"]
[White "Ivanchuk, V"]
[Black "Carlsen, M"]
[Result "0-1"]
[WhiteElo "2678"]
[BlackElo "2863"]
[EventDate "2020.07.21"]
[WhiteTitle "GM"]
[BlackTitle "GM"]
[WhiteFideId "14100010"]
[BlackFideId "1503014"]

1.d4 Nf6 2.c4 e6 3.Bg5 h6 4.Bh4 Be7 5.e3 b6 6.Be2 Bb7 7.Bf3 Bxf3 8.Nxf3 
Ne4 9.Qc2 f5 10.Bxe7 Qxe7 11.Ne5 O-O 12.O-O Qe8 13.f3 Nf6 14.Nc3 d6 15.Nd3
Nbd7 16.Rae1 Qf7 17.e4 fxe4 18.fxe4 e5 19.d5 Qg6 20.Nb5 Rfc8 21.Nb4 a6 22.
Nc6 Kh8 23.Nc3 Rf8 24.b4 Rf7 25.Rf3 Raf8 26.Ref1 Nb8 27.Nxb8 Rxb8 28.Qa4 
Ra8 29.c5 bxc5 30.bxc5 dxc5 31.Qc6 Rb8 32.Rg3 Qh7 33.Rf5 Rbf8 34.Rgf3 Qg6 
35.Qxc5 Rb8 36.Qf2 Nxe4 0-1

[Event "Legends of Chess Prelim"]
[Site "chess24.com INT"]
[Date "2020.07.27"]
[Round "7.3"]
[White "Gelfand, B"]
[Black "Anand, V"]
[Result "1/2-1/2"]
[WhiteElo "2676"]
[BlackElo "2753"]
[EventDate "2020.07.21"]
[WhiteTitle "GM"]
[BlackTitle "GM"]
[WhiteFideId "2805677"]
[BlackFideId "5000017"]

1.d4 Nf6 2.c4 e6 3.Nf3 d5 4.g3 Bb4+ 5.Bd2 Be7 6.Bg2 O-O 7.Qc2 Nbd7 8.h4 
dxc4 9.Qxc4 c5 10.O-O b5 11.Qxb5 Rb8 12.Qa4 Rxb2 13.Qxa7 Bb7 14.Bc3 Qb6 
15.Qxb6 Rxb6 16.a4 Ra8 17.Rc1 Rba6 18.a5 cxd4 19.Nxd4 Bxg2 20.Kxg2 Ne4 21.
Be1 Nec5 22.Nd2 Bf6 23.N2f3 e5 24.Nb5 Nb3 25.Rd1 Nxa1 26.Nc7 Nf8 27.Rxa1 
e4 28.Ra4 exf3+ 29.Kxf3 Ne6 30.Nxa8 Rxa8 31.e3 Bd8 32.Ra2 Kf8 33.Ke4 Nc5+ 
34.Kd5 Nd3 35.Bc3 Bxa5 36.Bxa5 Ke8 37.Kc6 Nb4+ 38.Kb7 Nxa2 39.Kxa8 Nc1 40.
Kb7 Nd3 41.Kc6 Nxf2 42.Kd5 Ng4 43.Ke4 Kd7 44.Bc3 g6 45.Kf4 h5 46.e4 
1/2-1/2

[Event "Legends of Chess Prelim"]
[Site "chess24.com INT"]
[Date "2020.07.25"]
[Round "5.4"]
[White "Ivanchuk, V"]
[Black "Carlsen, M"]
[Result "1/2-1/2"]
[WhiteElo "2678"]
[BlackElo "2863"]
[EventDate "2020.07.21"]
[WhiteTitle "GM"]
[BlackTitle "GM"]
[WhiteFideId "14100010"]
[BlackFideId "1503014"]

1.d4 Nf6 2.c4 e6 3.Nf3 d5 4.Nc3 a6 5.e3 dxc4 6.a4 c5 7.Bxc4 Nc6 8.O-O Be7 
9.Qe2 cxd4 10.Rd1 e5 11.exd4 exd4 12.Nxd4 Nxd4 13.Qe5 Qd6 14.Qxd4 Qxd4 15.
Rxd4 Bc5 16.Rd1 Be6 17.Bxe6 fxe6 18.Kf1 Kf7 19.Ke2 Rhd8 20.Be3 Bxe3 21.
Kxe3 e5 22.f3 Ke6 23.Rac1 Rxd1 24.Rxd1 Rc8 25.Rd3 Rc4 26.b3 Rb4 27.Ne4 
Nxe4 28.fxe4 a5 29.h4 h5 30.g3 b6 31.Kf3 Kf6 32.Ke3 g5 33.Kf3 g4+ 34.Ke3 
Ke6 35.Rc3 b5 36.axb5 Rxb5 37.Kd3 Kd6 38.Ke3 Rc5 39.Rxc5 Kxc5 40.Kd3 Kb4 
41.Kc2 a4 42.bxa4 Kxa4 43.Kc3 Kb5 44.Kb3 Kc5 45.Kc3 Kb5 46.Kb3 Kc5 47.Kc3 
Kb5 1/2-1/2

[Event "Legends of Chess Prelim"]
[Site "chess24.com INT"]
[Date "2020.07.29"]
[Round "9.1"]
[White "Gelfand, B"]
[Black "Nepomniachtchi, I"]
[Result "0-1"]
[WhiteElo "2676"]
[BlackElo "2784"]
[EventDate "2020.07.21"]
[WhiteTitle "GM"]
[BlackTitle "GM"]
[WhiteFideId "2805677"]
[BlackFideId "4168119"]

1.d4 Nf6 2.c4 g6 3.Nc3 d5 4.cxd5 Nxd5 5.e4 Nxc3 6.bxc3 Bg7 7.Bc4 c5 8.Ne2 
Nc6 9.Be3 O-O 10.O-O Bg4 11.f3 Bd7 12.Rb1 Qc7 13.Qd2 Rfd8 14.Bd3 Be8 15.d5
Ne5 16.c4 a6 17.Rfc1 Rac8 18.f4 Nxd3 19.Qxd3 b5 20.cxb5 Bxb5 21.Qd2 c4 22.
Nc3 Rb8 23.e5 f6 24.d6 exd6 25.exf6 Bxf6 26.Nd5 Qf7 27.Nxf6+ Qxf6 28.Bd4 
Qf5 29.Ba1 Qd3 30.Qf2 Bc6 31.Qa7 Rb7 32.Rxb7 Bxb7 33.Qd4 Qxd4+ 34.Bxd4 Rc8
35.Kf2 Be4 36.g4 Kf7 37.Ke3 Bd3 38.Kd2 Ke6 39.Re1+ Kd5 40.Bf6 Rf8 41.g5 
Rb8 42.Kc3 a5 43.h4 Rb7 44.Re7 Rb1 45.Ra7 Rc1+ 46.Kb2 Rc2+ 47.Ka3 Ke4 48.
Rxa5 d5 49.Ra7 Kxf4 50.Rxh7 Kg4 51.Ra7 Be4 52.Kb4 Rc1 53.Rc7 Kxh4 54.a4 
Rb1+ 55.Kc5 Rb3 56.Kd6 Ra3 57.Ke5 Kg4 58.Be7 Rxa4 59.Rc8 Ra7 60.Bf6 Ra3 
61.Kd6 Kf3 62.Rh8 Ke2 63.Rh2+ Kd1 64.Kc5 Rb3 65.Rf2 c3 66.Rf1+ Ke2 67.Rc1 
c2 0-1

[Event "Legends of Chess Prelim"]
[Site "chess24.com INT"]
[Date "2020.07.23"]
[Round "3.3"]
[White "Giri, A"]
[Black "Nepomniachtchi, I"]
[Result "1/2-1/2"]
[WhiteElo "2764"]
[BlackElo "2784"]
[EventDate "2020.07.21"]
[WhiteTitle "GM"]
[BlackTitle "GM"]
[WhiteFideId "24116068"]
[BlackFideId "4168119"]

1.d4 Nf6 2.c4 g6 3.Nc3 d5 4.cxd5 Nxd5 5.Bd2 Bg7 6.e4 Nxc3 7.Bxc3 O-O 8.Qd2
Nc6 9.Nf3 Bg4 10.d5 Bxf3 11.Bxg7 Kxg7 12.gxf3 Ne5 13.O-O-O c6 14.Qc3 f6 
15.f4 Nf7 16.d6 exd6 17.h4 Qb6 18.Qg3 d5 19.exd5 cxd5 20.h5 Rac8+ 21.Kb1 
Rfe8 22.hxg6 hxg6 23.Bd3 f5 24.Rdg1 Qf6 25.Qf3 Rh8 26.Rxh8 Rxh8 27.Qxd5 
Rd8 28.Qxf5 Qxf5 29.Bxf5 Rd6 30.Be4 b6 31.Kc2 Rf6 32.Kd3 Nd6 33.Rg5 Kf7 
34.Rd5 Ke7 35.Re5+ Kd7 36.Ke2 Rxf4 37.Bxg6 Nc4 38.Rb5 Kc6 39.Rb3 a5 40.Bd3
Ne5 41.Ba6 Rh4 42.Rc3+ Kd6 43.a3 Nc6 44.Rg3 Nd4+ 45.Kd2 b5 46.Bc8 Rh8 47.
Bg4 Rf8 48.Rd3 Ke5 49.Ke3 Nc2+ 50.Ke2 Nd4+ 51.Kf1 b4 52.axb4 axb4 53.Bd1 
Ra8 54.Kg2 Ra2 55.Re3+ Kf4 56.Bf3 Kf5 57.b3 Ra5 58.Be2 Re5 59.Bc4 Rxe3 60.
fxe3 Nc6 61.Bd3+ Ke5 62.Kf3 Na5 63.Bc2 Nb7 64.Bh7 Nc5 65.Bg8 Nd3 66.Bh7 
Nc5 67.Bc2 Nb7 68.Ke2 Nc5 69.Kd2 Kd5 70.Ke1 Ke5 71.Ke2 Kd5 72.Kf3 Ke5 73.
Kf2 Kd5 74.Kg2 Ke5 75.Kf3 Ne6 76.Bd3 Nc5 77.Bc4 Ne4 78.Ke2 Nc5 79.Kf3 Ne4 
80.Bg8 Nf6 81.Bf7 Ne4 82.Ke2 Nc5 83.Bg8 Ke4 84.Bh7+ Ke5 85.Bc2 Kd5 86.Kf2 
Ke5 87.Kf3 1/2-1/2

[Event "Legends of Chess Prelim"]
[Site "chess24.com INT"]
[Date "2020.07.27"]
[Round "7.5"]
[White "Nepomniachtchi, I"]
[Black "Leko, P"]
[Result "1-0"]
[WhiteElo "2784"]
[BlackElo "2663"]
[EventDate "2020.07.21"]
[WhiteTitle "GM"]
[BlackTitle "GM"]
[WhiteFideId "4168119"]
[BlackFideId "703303"]

1.b3 Nf6 2.Bb2 e6 3.Nf3 d5 4.e3 Be7 5.c4 O-O 6.Nc3 c6 7.Qc2 b6 8.g4 Nxg4 
9.Rg1 Nf6 10.O-O-O c5 11.d4 cxd4 12.Rxd4 Nc6 13.Rh4 g6 14.Ng5 Nb4 15.Qb1 
dxc4 16.Bxc4 Qe8 17.Nce4 Nbd5 18.Bxd5 exd5 19.Nxf6+ Bxf6 20.Bxf6 Qc6+ 21.
Qc2 Qxf6 22.Qb2 Qxb2+ 23.Kxb2 h5 24.Nf3 Bg4 25.Ne5 Rfe8 26.Nxg4 hxg4 27.
Rhxg4 Kg7 28.Rd1 Re5 29.h4 Rh8 30.a4 a5 31.Kc3 Rc8+ 32.Kd3 Rf5 33.Rd2 Kf6 
34.b4 Ke6 35.bxa5 bxa5 36.Rb2 Rc5 37.Ke2 Kf6 38.Rd4 Rh5 39.Kf3 Kg7 40.Rf4 
Rc4 41.Rb5 Rxf4+ 42.exf4 Rxh4 43.Rxd5 Rh3+ 44.Kg2 Ra3 45.Rxa5 Kh6 46.f3 
Ra2+ 47.Kg3 f6 48.Ra7 Ra3 49.Ra6 Ra2 50.Ra8 Ra3 51.a5 Ra2 52.a6 Kg7 53.Kg4
Ra4 54.Ra7+ Kh6 55.Kg3 Ra3 56.Kf2 Ra4 57.Ke3 Ra3+ 58.Ke4 Ra4+ 59.Ke3 Ra3+ 
60.Ke2 Ra2+ 61.Kd3 Ra3+ 62.Kc4 Ra4+ 63.Kb5 Rxf4 64.Rc7 Rxf3 65.Rc4 Rb3+ 
66.Rb4 Re3 67.a7 Re8 68.Ka6 1-0

[Event "Legends of Chess Prelim"]
[Site "chess24.com INT"]
[Date "2020.07.25"]
[Round "5.1"]
[White "Kramnik, V"]
[Black "Ding Liren"]
[Result "0-1"]
[WhiteElo "2753"]
[BlackElo "2791"]
[EventDate "2020.07.21"]
[WhiteTitle "GM"]
[BlackTitle "GM"]
[WhiteFideId "4101588"]
[BlackFideId "8603677"]

1.e4 c5 2.Nf3 d6 3.d4 cxd4 4.Nxd4 Nf6 5.Nc3 a6 6.Be2 e5 7.Nb3 Be7 8.Be3 
Be6 9.Qd3 O-O 10.O-O Nbd7 11.a4 Rc8 12.a5 Qc7 13.Rfd1 Rfd8 14.Bf3 Nc5 15.
Nxc5 dxc5 16.Nd5 Nxd5 17.exd5 f5 18.Qb3 Bf7 19.d6 Bxb3 20.dxc7 Rxd1+ 21.
Rxd1 Be6 22.Bxb7 Rxc7 23.Bf3 Kf7 24.g3 g5 25.Bh5+ Kf6 26.f4 gxf4 27.gxf4 
e4 28.Kf2 Kg7 29.Be2 c4 30.Bb6 Rc8 31.Ke3 Kf7 32.Bh5+ Kf8 33.Bd4 Rc7 34.c3
Rd7 35.Be2 Kf7 36.h4 Rb7 37.Rg1 Bf6 38.Bb6 Rb8 39.h5 Bd5 40.h6 Ke6 41.Bh5 
Kd6 42.Rd1 Kc6 43.Rg1 Be6 44.Bd4 Bxd4+ 45.Kxd4 Rxb2 46.Ke5 Bd7 47.Rh1 Rg2 
48.Bf7 Kc5 49.Bd5 Rg3 50.Bf7 e3 51.Re1 Rh3 52.Rxe3 Rxe3+ 0-1

[Event "Legends of Chess Prelim"]
[Site "chess24.com INT"]
[Date "2020.07.29"]
[Round "9.1"]
[White "Ding Liren"]
[Black "Leko, P"]
[Result "1-0"]
[WhiteElo "2791"]
[BlackElo "2663"]
[EventDate "2020.07.21"]
[WhiteTitle "GM"]
[BlackTitle "GM"]
[WhiteFideId "8603677"]
[BlackFideId "703303"]

1.e4 e5 2.Nf3 Nc6 3.Bc4 Bc5 4.d3 Nf6 5.O-O d6 6.c3 a6 7.Re1 Ba7 8.a4 O-O 
9.h3 Ne7 10.d4 Ng6 11.Nbd2 exd4 12.cxd4 d5 13.exd5 Nxd5 14.Ne4 c6 15.Bg5 
f6 16.Bd2 Kh8 17.Qb3 Nge7 18.Nc5 Rb8 19.Ne6 Bxe6 20.Rxe6 Nc7 21.Re2 Nf5 
22.Rd1 Nd5 23.Bxd5 Qxd5 24.Qxd5 cxd5 25.g4 Nd6 26.Bf4 Rbd8 27.Re7 Ne4 28.
Rc1 Bb8 29.Bxb8 Rxb8 30.Rcc7 Rg8 31.Nh4 Nd6 32.Rcd7 Nc8 33.Re6 Na7 34.Nf5 
Nc6 35.Rxd5 Rge8 36.Rxe8+ Rxe8 37.Rd7 g6 38.Ne3 Re4 39.Nd5 Rxd4 40.Nxf6 
Rxd7 41.Nxd7 b5 42.Nc5 Nb4 43.axb5 axb5 44.f4 Nd5 45.Nd3 h5 46.g5 Kg7 47.
Kf2 Kf7 48.Kf3 Ke6 49.Ke4 Ne7 50.Ne5 Kd6 51.b4 Nd5 52.Nxg6 Nxb4 53.f5 Nd5 
54.f6 Nxf6+ 55.gxf6 Ke6 56.Nf4+ Kxf6 57.Nxh5+ Kg5 58.Nf4 Kh4 59.Kf3 b4 60.
Kg2 b3 61.Nd3 Kh5 62.Kg3 Kg5 63.h4+ Kf5 64.Kf3 Ke6 65.Nc5+ 1-0

[Event "Legends of Chess Prelim"]
[Site "chess24.com INT"]
[Date "2020.07.28"]
[Round "8.4"]
[White "Svidler, P"]
[Black "Kramnik, V"]
[Result "1/2-1/2"]
[WhiteElo "2723"]
[BlackElo "2753"]
[EventDate "2020.07.21"]
[WhiteTitle "GM"]
[BlackTitle "GM"]
[WhiteFideId "4102142"]
[BlackFideId "4101588"]

1.e4 c6 2.d4 d5 3.Nd2 dxe4 4.Nxe4 Nf6 5.Nxf6+ exf6 6.c3 Bd6 7.Bd3 O-O 8.
Qc2 Re8+ 9.Be3 h6 10.Nf3 Bf4 11.Qe2 c5 12.dxc5 Qc7 13.O-O-O Bxe3+ 14.fxe3 
Qxc5 15.Nd4 Nc6 16.Nxc6 bxc6 17.Bc4 Be6 18.Bxe6 Rxe6 19.Rd3 Rae8 20.Re1 
Qc4 21.b3 Qc5 22.Kb2 Qe5 23.g3 a5 24.Rd4 c5 25.Ra4 Rd6 26.Rc1 Red8 27.Rc2 
Rd3 28.Rxa5 Qe7 29.e4 Qc7 30.Ra8 c4 31.Rxd8+ Qxd8 32.e5 fxe5 33.Qxe5 Rd1 
34.Re2 Qd3 35.Qe8+ Kh7 36.Qe4+ f5 37.Qxd3 cxd3 38.Rf2 Re1 39.Rd2 g5 40.c4 
Kg6 41.c5 f4 42.gxf4 g4 43.Rxd3 Re2+ 44.Kc3 Rxh2 45.c6 Rh1 46.Kc2 Rh2+ 47.
Kc3 Rh1 48.Kc2 Rh2+ 49.Kc3 1/2-1/2

[Event "Legends of Chess Prelim"]
[Site "chess24.com INT"]
[Date "2020.07.27"]
[Round "7.4"]
[White "Nepomniachtchi, I"]
[Black "Leko, P"]
[Result "1/2-1/2"]
[WhiteElo "2784"]
[BlackElo "2663"]
[EventDate "2020.07.21"]
[WhiteTitle "GM"]
[BlackTitle "GM"]
[WhiteFideId "4168119"]
[BlackFideId "703303"]

1.e4 e5 2.Nf3 Nc6 3.Bc4 Bc5 4.O-O Nf6 5.d3 O-O 6.c3 d5 7.exd5 Nxd5 8.a4 a5
9.Nbd2 Nb6 10.Bb5 Bd6 11.Re1 Bg4 12.Ne4 Na7 13.h3 Bh5 14.d4 Nxb5 15.axb5 
exd4 16.Nxd6 Qxd6 17.Qxd4 Qxd4 18.Nxd4 Bg6 19.Bf4 Rfc8 20.Bg3 a4 21.Re7 
Nc4 22.b3 axb3 23.Rxa8 Rxa8 24.Nxb3 Rc8 25.Rxc7 Rxc7 26.Bxc7 b6 27.Kf1 
Bd3+ 28.Ke1 Kf8 29.h4 Ke7 30.f3 Kd7 31.Bg3 Na3 32.Bf2 Kc7 33.Bg3+ Kd7 34.
Bf2 Kc7 35.Bg3+ Kd7 1/2-1/2

[Event "Legends of Chess Prelim"]
[Site "chess24.com INT"]
[Date "2020.07.24"]
[Round "4.3"]
[White "Kramnik, V"]
[Black "Leko, P"]
[Result "1/2-1/2"]
[WhiteElo "2753"]
[BlackElo "2663"]
[EventDate "2020.07.21"]
[WhiteTitle "GM"]
[BlackTitle "GM"]
[WhiteFideId "4101588"]
[BlackFideId "703303"]

1.c4 c5 2.g3 g6 3.Bg2 Bg7 4.Nc3 Nc6 5.d3 e6 6.h4 Nf6 7.a3 O-O 8.Rb1 d5 9.
cxd5 Nxd5 10.Ne4 b6 11.h5 Bb7 12.hxg6 hxg6 13.Nf3 Qe7 14.Kf1 Rfd8 15.Bh6 
Bxh6 16.Rxh6 Kg7 17.Qd2 Rh8 18.Rxh8 Rxh8 19.b4 cxb4 20.axb4 Ncxb4 21.Qb2+ 
f6 22.g4 a5 23.g5 Rc8 24.gxf6+ Nxf6 25.Neg5 Bxf3 26.Nxf3 Rc2 27.Qa1 Qd6 
28.Nd4 Rc5 29.Nf3 Qf4 30.Kg1 g5 31.e3 Qd6 32.d4 Rc2 33.d5 Rc5 34.e4 Qf4 
35.Nd4 Kg6 36.Nxe6 Qh4 37.Qd4 Rc2 38.Qxb6 Nd3 39.Rf1 Nf4 40.Nxf4+ Qxf4 41.
Qe6 Kg7 42.Qe7+ Kg6 43.Qe6 Kg7 44.Qe7+ Kg6 45.Qf8 a4 46.d6 Rd2 47.e5 Qxe5 
48.Qa8 Qf4 49.Qf3 Rxd6 50.Qxf4 gxf4 51.Ra1 Ra6 52.Ra3 Nd7 53.Bf1 Ra5 54.
Bd3+ Kf6 55.Bc2 Nb6 56.Kg2 Rc5 57.Ra2 Rc4 58.Kf3 Rb4 59.Kg4 Ke5 60.f3 Rd4 
61.Ra3 Nc4 62.Rxa4 Ne3+ 63.Kg5 Nxc2 64.Ra5+ Ke6 65.Ra6+ Ke5 66.Ra5+ Ke6 
67.Rf5 Rd1 68.Rf6+ Ke5 69.Rf5+ Kd4 70.Kxf4 Ne3 71.Ra5 Nd5+ 72.Kg3 Nc3 73.
Ra8 Rg1+ 74.Kf2 Rg7 75.Rd8+ Nd5 76.Re8 Nf6 77.Re6 Rf7 78.Re1 Ng4+ 79.Ke2 
Re7+ 80.Kf1 Ne3+ 81.Kf2 Kd3 82.Ra1 Nc2 83.Rd1+ Kc3 84.Rd8 Nd4 85.Ra8 Rf7 
86.Ra3+ Kc4 87.Re3 Kd5 88.Ra3 Nc6 89.Ke3 Ke5 90.Rc3 Ne7 91.f4+ Kd6 92.Ke4 
Nd5 93.Rf3 Ke6 94.f5+ Kd6 95.Rf2 Re7+ 96.Kf3 Re3+ 97.Kg4 Ke5 98.Rf3 Nf6+ 
99.Kg3 Re2 100.Rf1 Ne4+ 101.Kf3 Rh2 102.Ra1 Rh3+ 103.Kg2 Rg3+ 104.Kf1 Kxf5
105.Ke2 Ke5 106.Ra8 Nd6 107.Rd8 Ra3 108.Kd2 Nf5 109.Rd3 Ra2+ 110.Kc3 Nd6 
111.Kb3 Ra8 112.Rd1 Rb8+ 113.Kc3 Ne4+ 114.Kc4 Rc8+ 115.Kb4 Nc3 116.Rh1 Kd4
117.Rh4+ Ne4 118.Kb5 Rc1 119.Kb6 1/2-1/2